Glencoe health : Mindjogger videoquiz

Đã lưu trong:
書目詳細資料
格式: 圖書
語言:Undetermined
出版: McGraw-Hill 2004
主題:
標簽: 添加標簽
沒有標簽, 成為第一個標記此記錄!
Thư viện lưu trữ: Trung tâm Học liệu Trường Đại học Cần Thơ
LEADER 00436nam a2200169Ia 4500
001 CTU_105779
008 210402s9999 xx 000 0 und d
020 |c 41.572 
082 |a 613.1 
082 |b G558/Vde2 
245 0 |a Glencoe health : 
245 0 |b Mindjogger videoquiz 
260 |b McGraw-Hill 
260 |c 2004 
650 |a Environment health 
904 |i Tuyến 
980 |a Trung tâm Học liệu Trường Đại học Cần Thơ